<?xml version="1.0" encoding="UTF-8"?>
<record
    xmlns:xsi="http://www.w3.org/2001/XMLSchema-instance"
    xsi:schemaLocation="http://www.loc.gov/MARC21/slim http://www.loc.gov/standards/marcxml/schema/MARC21slim.xsd"
    xmlns="http://www.loc.gov/MARC21/slim">

  <leader>02022nam a22002777a 4500</leader>
  <controlfield tag="001">4587</controlfield>
  <controlfield tag="003">FISKH</controlfield>
  <controlfield tag="005">20240917130930.0</controlfield>
  <controlfield tag="008">240917b        cb ||||| |||| 00| 0 eng d</controlfield>
  <datafield tag="040" ind1=" " ind2=" ">
    <subfield code="a">FISKH</subfield>
    <subfield code="b">Bilingual</subfield>
    <subfield code="c">FISKH</subfield>
    <subfield code="d">FISKh</subfield>
  </datafield>
  <datafield tag="050" ind1=" " ind2=" ">
    <subfield code="a">PZ7</subfield>
  </datafield>
  <datafield tag="082" ind1=" " ind2=" ">
    <subfield code="a">800</subfield>
  </datafield>
  <datafield tag="100" ind1=" " ind2=" ">
    <subfield code="a">Anonymous </subfield>
    <subfield code="e">author </subfield>
  </datafield>
  <datafield tag="245" ind1=" " ind2=" ">
    <subfield code="a">&#x1793;&#x17B6;&#x1784;&#x179A;&#x17C9;&#x17B6;&#x1796;&#x17BB;&#x1793;&#x17A0;&#x17D2;&#x179F;&#x17C2;&#x179B; /</subfield>
    <subfield code="c">by Anonymous </subfield>
  </datafield>
  <datafield tag="300" ind1=" " ind2=" ">
    <subfield code="a">16 pages : </subfield>
    <subfield code="b">color illustrations ;</subfield>
    <subfield code="c">22 cm . </subfield>
  </datafield>
  <datafield tag="490" ind1=" " ind2=" ">
    <subfield code="a">&#x179A;&#x17BF;&#x1784;&#x1793;&#x17B7;&#x1791;&#x17B6;&#x1793;&#x179F;&#x1798;&#x17D2;&#x179A;&#x17B6;&#x1794;&#x17CB;&#x1780;&#x17BB;&#x1798;&#x17B6;&#x179A;</subfield>
  </datafield>
  <datafield tag="505" ind1=" " ind2=" ">
    <subfield code="a">K 
</subfield>
  </datafield>
  <datafield tag="520" ind1=" " ind2=" ">
    <subfield code="a">&#x1798;&#x17B6;&#x1793;&#x1794;&#x17D2;&#x178F;&#x17B8;&#x1794;&#x17D2;&#x179A;&#x1796;&#x1793;&#x17D2;&#x1792;&#x1780;&#x17D2;&#x179A;&#x17B8;&#x1780;&#x17D2;&#x179A;&#x1798;&#x17BD;&#x1799;&#x1782;&#x17BC;&#x179A;&#x179F;&#x17D2;&#x178F;&#x17D2;&#x179A;&#x17B8;&#x1787;&#x17B6;&#x1794;&#x17D2;&#x179A;&#x1796;&#x1793;&#x17D2;&#x1792;&#x1798;&#x17B6;&#x1793;&#x1795;&#x17D2;&#x1791;&#x17C3;&#x1796;&#x17C4;&#x17C7;&#x17A0;&#x17BE;&#x1799;&#x1793;&#x17B6;&#x1784;&#x1793;&#x17BA;&#x1780;&#x1783;&#x17D2;&#x179B;&#x17B6;&#x1793;&#x179F;&#x17B6;&#x17A1;&#x17B6;&#x178F;&#x17CB;&#x179A;&#x17C9;&#x17B6;&#x1796;&#x17BB;&#x1793;&#x17A0;&#x17D2;&#x179F;&#x17C2;&#x179B;&#x178A;&#x17C2;&#x179B;&#x1787;&#x17B6;&#x179F;&#x17B6;&#x17A1;&#x17B6;&#x178F;&#x17CB;&#x179A;&#x1794;&#x179F;&#x17CB;&#x1798;&#x17C1;&#x1792;&#x17D2;&#x1798;&#x1794;&#x17CB;&#x17D4;&#x1794;&#x17D2;&#x178F;&#x17B8;&#x1780;&#x17CF;&#x1799;&#x1780;&#x179F;&#x17B6;&#x17A1;&#x17B6;&#x178F;&#x17CB;&#x17A2;&#x17C4;&#x1799;&#x1794;&#x17D2;&#x179A;&#x1796;&#x1793;&#x17D2;&#x1792;&#x17A0;&#x17BE;&#x1799;&#x179F;&#x1793;&#x17D2;&#x1799;&#x17B6;&#x1790;&#x17B6;&#x1793;&#x17BA;&#x1784;&#x17A2;&#x17C4;&#x1799;&#x1780;&#x17BC;&#x1793;&#x1791;&#x17C5;&#x1798;&#x17C1;&#x1792;&#x17D2;&#x1798;&#x1794;&#x17CB;&#x1793;&#x17C4;&#x17C7; &#x17D4;&#x200B;&#x1798;&#x17C1;&#x1792;&#x17D2;&#x1798;&#x1794;&#x17CB;&#x1794;&#x17B6;&#x1793;&#x178A;&#x17B6;&#x1780;&#x17CB;&#x1788;&#x17D2;&#x1798;&#x17C5;&#x17C7;&#x17A2;&#x17C4;&#x1799;&#x1793;&#x17B6;&#x1784;&#x1790;&#x17B6;&#x179A;&#x17C9;&#x17B6;&#x1796;&#x17BB;&#x1793;&#x17A0;&#x17D2;&#x179F;&#x17C2;&#x179B;&#x17A0;&#x17BE;&#x1799;&#x1798;&#x17C1;&#x1792;&#x17D2;&#x1798;&#x1794;&#x17CB;&#x1780;&#x17CF;&#x1794;&#x17B6;&#x1793;&#x1794;&#x17B6;&#x1793;&#x1785;&#x17B6;&#x1780;&#x17CB;&#x179F;&#x17C4;&#x1793;&#x17B6;&#x1784;&#x1793;&#x17C5;&#x1780;&#x17D2;&#x1793;&#x17BB;&#x1784;&#x1794;&#x1793;&#x17D2;&#x1791;&#x1794;&#x17CB;&#x1793;&#x17C3;&#x1780;&#x17C6;&#x1796;&#x17BC;&#x179B;&#x1794;&#x17C9;&#x1798;&#x1798;&#x17BD;&#x1799;&#x200B;&#x17D4; &#x1780;&#x17D2;&#x179A;&#x17C4;&#x1799;&#x1798;&#x1780;&#x1798;&#x17B6;&#x1793;&#x1796;&#x17D2;&#x179A;&#x17C7;&#x17A2;&#x1784;&#x17D2;&#x1782;&#x1794;&#x17B6;&#x1793;&#x179B;&#x17BA;&#x1785;&#x17C6;&#x179A;&#x17C0;&#x1784;&#x179A;&#x1794;&#x179F;&#x17CB;&#x1793;&#x17B6;&#x1784;&#x1780;&#x17CF;&#x17A1;&#x17BE;&#x1784;&#x1791;&#x17C5;&#x179B;&#x17BE;&#x1794;&#x17C9;&#x1798;&#x1787;&#x17BD;&#x1794;&#x1793;&#x17B6;&#x1784; &#x17D4;</subfield>
  </datafield>
  <datafield tag="520" ind1=" " ind2=" ">
    <subfield code="a">A poor couple, a pregnant woman, are hungry for Rapunzel salad, a witch's salad. The husband gives his wife a salad and promises to give the child to the witch.
The witch named her Rapunzel, and the witch locked her in a room on top of a tower. Later, when he heard her singing, he went up to the tower to meet her.</subfield>
  </datafield>
  <datafield tag="521" ind1="8" ind2=" ">
    <subfield code="a">510 
</subfield>
    <subfield code="b">Lexile estimate 
</subfield>
  </datafield>
  <datafield tag="521" ind1="8" ind2=" ">
    <subfield code="a">K 
</subfield>
    <subfield code="b">Raz-Plus 
</subfield>
  </datafield>
  <datafield tag="650" ind1=" " ind2=" ">
    <subfield code="a">&#x1796;&#x17D2;&#x179A;&#x17C7;&#x17A2;&#x1784;&#x17D2;&#x1782;&#x1798;&#x17D2;&#x1785;&#x17B6;&#x179F;&#x17CB;</subfield>
  </datafield>
  <datafield tag="650" ind1=" " ind2=" ">
    <subfield code="a">prince </subfield>
  </datafield>
  <datafield tag="942" ind1=" " ind2=" ">
    <subfield code="2">ddc</subfield>
    <subfield code="c">KHB</subfield>
    <subfield code="n">0</subfield>
  </datafield>
  <datafield tag="999" ind1=" " ind2=" ">
    <subfield code="c">4587</subfield>
    <subfield code="d">4587</subfield>
  </datafield>
  <datafield tag="952" ind1=" " ind2=" ">
    <subfield code="0">0</subfield>
    <subfield code="1">0</subfield>
    <subfield code="2">ddc</subfield>
    <subfield code="4">0</subfield>
    <subfield code="7">0</subfield>
    <subfield code="8">Khmer-English Bilingual </subfield>
    <subfield code="a">001</subfield>
    <subfield code="b">001</subfield>
    <subfield code="c">TTP Khmer</subfield>
    <subfield code="d">2024-09-17</subfield>
    <subfield code="l">0</subfield>
    <subfield code="o">ANO PZ7 800</subfield>
    <subfield code="p">FIS072211</subfield>
    <subfield code="r">2024-09-17 13:07:00</subfield>
    <subfield code="t">1</subfield>
    <subfield code="w">2024-09-17</subfield>
    <subfield code="y">KHB</subfield>
  </datafield>
  <datafield tag="952" ind1=" " ind2=" ">
    <subfield code="0">0</subfield>
    <subfield code="1">0</subfield>
    <subfield code="2">ddc</subfield>
    <subfield code="4">0</subfield>
    <subfield code="7">0</subfield>
    <subfield code="8">Khmer-English Bilingual </subfield>
    <subfield code="a">001</subfield>
    <subfield code="b">001</subfield>
    <subfield code="c">OKHR</subfield>
    <subfield code="d">2025-09-04</subfield>
    <subfield code="l">0</subfield>
    <subfield code="o">ANO PZ7 800</subfield>
    <subfield code="p">FISTK04575</subfield>
    <subfield code="r">2025-09-04 15:12:18</subfield>
    <subfield code="t">2</subfield>
    <subfield code="w">2025-09-04</subfield>
    <subfield code="y">KHB</subfield>
  </datafield>
  <datafield tag="952" ind1=" " ind2=" ">
    <subfield code="0">0</subfield>
    <subfield code="1">0</subfield>
    <subfield code="2">ddc</subfield>
    <subfield code="4">0</subfield>
    <subfield code="7">0</subfield>
    <subfield code="8">Khmer-English Bilingual </subfield>
    <subfield code="a">001</subfield>
    <subfield code="b">001</subfield>
    <subfield code="c">OKHR</subfield>
    <subfield code="d">2025-09-04</subfield>
    <subfield code="l">0</subfield>
    <subfield code="o">ANO PZ7 800</subfield>
    <subfield code="p">FISBK03859</subfield>
    <subfield code="r">2025-09-04 15:35:47</subfield>
    <subfield code="t">3</subfield>
    <subfield code="w">2025-09-04</subfield>
    <subfield code="y">KHB</subfield>
  </datafield>
  <datafield tag="952" ind1=" " ind2=" ">
    <subfield code="0">0</subfield>
    <subfield code="1">0</subfield>
    <subfield code="2">ddc</subfield>
    <subfield code="4">0</subfield>
    <subfield code="7">0</subfield>
    <subfield code="8">Khmer-English Bilingual </subfield>
    <subfield code="a">002</subfield>
    <subfield code="b">002</subfield>
    <subfield code="c">TTP Khmer</subfield>
    <subfield code="d">2025-11-10</subfield>
    <subfield code="l">0</subfield>
    <subfield code="o">ANO PZ7 800</subfield>
    <subfield code="p">FISBK03824</subfield>
    <subfield code="r">2025-11-10 15:33:44</subfield>
    <subfield code="t">4</subfield>
    <subfield code="w">2025-11-10</subfield>
    <subfield code="y">KHB</subfield>
  </datafield>
</record>
